Famous Models - Statistics

General Stats
  • This quiz has been taken 7,137 times
  • The average score is 8 of 18
Answer Stats
Clue Model % Correct
Brazilian model married to Tom Brady Gisele Bündchen
82%
Creator of "America's Next Top Model" Tyra Banks
69%
Has a famous mole Cindy Crawford
63%
"Stick thin" model of swingin' sixties London Twiggy
63%
Says "auf wiedersehen" Heidi Klum
62%
Waifish English model with "heroin chic" Kate Moss
61%
Assaults people with phones Naomi Campbell
58%
Somali supermodel married to David Bowie Iman
45%
Australian known as "The Body" Elle Macpherson
43%
"Sex kitten" of 1960's France Brigitte Bardot
36%
Longtime CoverGirl model, and Billy Joel's ex Christie Brinkley
33%
2012 and 2013 cover model of the SI swimsuit issue Kate Upton
32%
His looks include "Blue Steel" and "Magnum" Derrick Zoolander
29%
Six foot tall ex-wife of Mick Jagger Jerry Hall
29%
He can't believe it's not butter Fabio
24%
Amputee and ex-wife of Paul McCartney Heather Mills
23%
Nothing comes between her and her Calvins Brooke Shields
22%
Sports Illustrated swimsuit model whose last name is a country Kathy Ireland
19%
No matching quizzes found
Score Distribution
Percent of People with Each Score
Percentile by Number Answered
Your Score History
You have not taken this quiz